00242pam a2200097 a 4500020000500000041000500005082001300010245006400023260004000087300001700127 c h a708bSIN aArpita Singh Picture Post Card 2003-2006hTextual Documents a[s.l]:bVadhera Art Gallery,c2006. a100:bpaper.